000 02327nam a2200601 i 4500
001 15554
003 KOSZ 005
005 20200701090921.0
008 200420s1973 pl a f 000 0 pol
015 _aUWD 1973/7332
035 _a991033849169705066
035 _a(PL-WaBN)b1905645x-48omnis_nlop
035 _ab1905645x
035 _a(OCoLC)839043552
035 _a(PL)b0000001905645
035 _a(EXLNZ-48OMNIS_NETWORK)9910266757805606
040 _aWA N
_cWA N
_dKOSZ 005/RW
041 0 _apol
_beng
_brus
046 _k1973
080 _a66
080 _a004
100 1 _aKuciel, Eugeniusz
_d( -2013)
_eAutor
245 1 0 _aProjektowanie kolumn półkowych do wymiany masy za pomocą elektronowych maszyn cyfrowych /
_cEugeniusz Kuciel.
260 _aWrocław :
_bWydawnictwo Politechniki Wrocławskiej,
_c1973.
300 _a60, [1] stron :
_bilustracje ;
_c24 cm.
336 _aTekst
_btxt
_2rdacontent
337 _aBez urządzenia pośredniczącego
_bn
_2rdamedia
338 _aWolumin
_bnc
_2rdacarrier
380 _aKsiążki
380 _aPublikacje naukowe
388 _a1901-2000
388 _a1945-1989
490 1 _aPrace Naukowe Instytutu Inżynierii Chemicznej i Urządzeń Cieplnych Politechniki Wrocławskiej. Monografie,
_x0084-2850 ;
_vnr 9
500 _aNr serii głównej: nr 17
504 _aBibliografia na stronach 58-59.
546 _aStreszczenie w języku angielskim i rosyjskim.
650 7 _aKomputery
_2DBN
650 7 _aTechnika
650 7 _aZastosowanie i wykorzystanie
650 7 _aTechnologia chemiczna
_2DBN
650 7 _aUrządzenia
650 7 _aProjekty
655 7 _aMonografia
658 _aInżynieria i technika
658 _aChemia
658 _aInformatyka i technologie informacyjne
710 2 _aWydawnictwo Politechniki Wrocławskiej
_4pbl
830 0 _aPrace Naukowe Instytutu Inżynierii Chemicznej i Urządzeń Cieplnych Politechniki Wrocławskiej
_vnr 17
830 0 _aPrace Naukowe Instytutu Inżynierii Chemicznej i Urządzeń Cieplnych Politechniki Wrocławskiej.
_pMonografie
_vnr 9
856 _uhttp://koha.tu.koszalin.pl/cgi-bin/koha/opac-detail.pl?biblionumber=15554
_yKatalog online BPK
942 _2UKD
_cKS
999 _c15554
_d15554